000
00485nam a2200181Ia 4500
008
090124s9999 xx 000 0 und d
082
_b
6604
_a
138
100
_a
भिडे रा.गो.
245
_a
भारत-भ्रमण
250
_a
1
260
_c
1944
300
_a
92
600
_a
भिडे रा.गो.
630
_a
भारत-भ्रमण
700
_a
भिडे रा.गो.
730
_a
भारत-भ्रमण
942
_c
BOOK
999
_c
120545
_d
120545